| 000 | 00901nam a2200253 a 4500 | ||
|---|---|---|---|
| 001 | 43128 | ||
| 003 | BD-RjUL | ||
| 005 | 20211209053642.0 | ||
| 008 | 500101s1968 ncu 100 0 eng d | ||
| 035 | _a(BD-RjUL)43246 | ||
| 040 |
_aDLC _cDLC _dOCL _dBD-RjUL _beng |
||
| 041 | _aeng | ||
| 082 |
_a909 _223 _bTRA 1968 |
||
| 245 | 0 | 4 |
_aThe Transfer of ideas : _bhistorical essays / _cEdited by C. D. W. Goodwin and I. B. Holley, Jr. |
| 260 |
_aDurham, N.C : _bSouth Atlantic quarterly, _cc1968 |
||
| 300 |
_aix, 179 p. : _bill. ; _c25 cm. |
||
| 500 | _aPapers from a symposium held at Duke University during 1966 | ||
| 500 | _aReprinted from the South Atlantic quarterly, spring 1968 | ||
| 650 | 0 |
_aHistory, Modern _9132435 |
|
| 700 | 1 |
_aGoodwin, Craufurd D. W. _9131475 |
|
| 700 | 1 |
_aHolley, I. B., _cJr. _q(Irving Brinton), _d1919-2013. _9132436 |
|
| 710 | 2 |
_aDuke University. _9132437 |
|
| 942 |
_2ddc _cBK |
||
| 999 |
_c43128 _d43128 |
||